[Event "Elit(Wasa-Stockholms SS)"]
[Site "?"]
[Date "2024.01.19"]
[Round "4"]
[White "Thorn, Eric"]
[Black "Berg, Emanuel"]
[Result "1/2-1/2"]
[WhiteElo "2382"]
[BlackElo "2504"]
[PlyCount "49"]
[SourceVersionDate "2024.01.26"]

1. d4 Nf6 2. c4 g6 3. Nc3 Bg7 4. e4 d6 5. Nf3 O-O 6. Be2 e5 7. d5 Na6 8. Nd2
Nd7 9. h4 f5 10. h5 Nf6 11. hxg6 hxg6 12. Nb3 Nxe4 13. Nxe4 fxe4 14. Be3 Nb4
15. Nc1 a5 16. a3 Nd3+ 17. Nxd3 exd3 18. Bxd3 Bf5 19. Bxf5 gxf5 20. Qh5 f4 21.
Qh7+ Kf7 22. Qh5+ Kg8 23. Qh7+ Kf7 24. Qh5+ Kg8 25. Qh7+ 1/2-1/2

[Event "Elit(Vasteras-Orgryte)"]
[Site "?"]
[Date "2024.01.19"]
[Round "4"]
[White "Anderzen, Robert"]
[Black "Hamark, Jesper"]
[Result "0-1"]
[WhiteElo "2119"]
[BlackElo "2309"]
[PlyCount "104"]
[SourceVersionDate "2024.01.26"]

1. d4 e6 2. c4 b6 3. Nc3 Bb4 4. Bd2 Nf6 5. Rc1 Bb7 6. e3 O-O 7. Nge2 c5 8. a3
Bxc3 9. Nxc3 cxd4 10. exd4 d5 11. c5 Nc6 12. Bg5 e5 13. dxe5 Nxe5 14. Be3 Neg4
15. Bd4 Qe7+ 16. Ne2 Rac8 17. b4 Rfe8 18. h3 Ne5 19. f3 Ba6 20. Rc3 bxc5 21.
Bxc5 Rxc5 22. bxc5 d4 23. Qxd4 Bxe2 24. Kf2 Nc6 25. Qd6 Bxf1 26. Qxe7 Rxe7 27.
Rxf1 Kf8 28. Rd1 Rc7 29. Rd6 Ne8 30. Rd2 g6 31. f4 f5 32. Kf3 Nf6 33. Rc1 h5
34. Rd6 Kf7 35. Rc4 Ne4 36. Rd1 h4 37. Rd3 Rb7 38. Rxe4 fxe4+ 39. Kxe4 Rb2 40.
Rd7+ Ne7 41. Rxa7 Rxg2 42. c6 Rc2 43. c7 Ke6 44. Ra6+ Kd7 45. Ke5 Rc5+ 46. Ke4
Rxc7 47. Kf3 Rc3+ 48. Ke4 Rxh3 49. Ke5 Rc3 50. Rd6+ Ke8 51. a4 Kf7 52. Rd2 Ra3
0-1

[Event "Elit(Eksjo-Vaxjo)"]
[Site "?"]
[Date "2024.01.19"]
[Round "4"]
[White "Arman, Deniz"]
[Black "Krantz, Christopher"]
[Result "1-0"]
[WhiteElo "2305"]
[BlackElo "2257"]
[PlyCount "89"]
[SourceVersionDate "2024.01.27"]

1. e4 c6 2. d4 d5 3. e5 c5 4. dxc5 e6 5. a3 Bxc5 6. Qg4 g6 7. Nf3 Nc6 8. Bd3
Bf8 9. O-O Bg7 10. Re1 Qc7 11. Bf4 Nge7 12. c4 O-O 13. Nc3 dxc4 14. Bxc4 Nf5
15. Ne4 h5 16. Qh3 Ncd4 17. Rac1 Qb6 18. Nfg5 Nh6 19. Qd3 Nc6 20. Nf6+ Bxf6 21.
exf6 Nf5 22. b4 Rd8 23. Qh3 Qd4 24. Bc7 Re8 25. Ne4 e5 26. Qb3 Qd7 27. Bd6 Nxd6
28. Nxd6 Rf8 29. Red1 Nd4 30. Qg3 Qg4 31. Qxg4 Bxg4 32. f3 Bd7 33. Nxb7 Bc6 34.
Na5 Ba4 35. Re1 Rfe8 36. Ba2 Rac8 37. Kf2 Nc2 38. Re2 Nd4 39. Rxc8 Rxc8 40. Rb2
Rc3 41. Nc4 Nc6 42. b5 Bxb5 43. Nd6 Bd3 44. Bxf7+ Kf8 45. Bd5 1-0

[Event "Elit(Wasa-Kungstornet)"]
[Site "?"]
[Date "2023.10.15"]
[Round "3"]
[White "Engqvist, Thomas"]
[Black "Larsson, Anders"]
[Result "0-1"]
[WhiteElo "2338"]
[BlackElo "2217"]
[PlyCount "156"]
[EventDate "2021.02.07"]
[SourceVersionDate "2023.10.29"]

1. c4 e6 2. Nf3 Nf6 3. g3 d5 4. Bg2 Be7 5. O-O O-O 6. b3 b6 7. Bb2 Bb7 8. d3
Nbd7 9. Na3 Re8 10. Rc1 Bf8 11. Nc2 c6 12. Ne3 Rc8 13. Bh3 Bd6 14. Rc2 Qe7 15.
Qc1 h6 16. a3 a5 17. Qa1 Ra8 18. Rfc1 Rec8 19. Bg2 Nc5 20. Qb1 Ncd7 21. Qa2 h5
22. Nd2 Ng4 23. Ndf1 Qg5 24. f4 Qg6 25. Nxg4 hxg4 26. cxd5 exd5 27. e4 dxe4 28.
dxe4 Nc5 29. f5 Qg5 30. e5 Bf8 31. f6 Nd3 32. e6 Nxc1 33. exf7+ Kh8 34. Bxc1
Bc5+ 35. Rxc5 Qxc5+ 36. Be3 Qf5 37. fxg7+ Kxg7 38. Bd4+ Kxf7 39. Ne3 Qe6 40.
Qf2+ Ke8 41. Qf4 Rd8 42. Qg5 Kf8 43. Qg7+ Ke8 44. Qxb7 Rxd4 45. Qxc6+ Qxc6 46.
Bxc6+ Kf8 47. Bxa8 Rd3 48. Nxg4 Rxb3 49. a4 Rb4 50. Bc6 Rxg4 51. Kf2 Rb4 52. h4
Ke7 53. Ke3 Kd6 54. Be8 Ke5 55. Bd7 Rb3+ 56. Kf2 Rc3 57. Be8 Kf6 58. Kg2 Ke7
59. Bb5 Rc5 60. Bd3 b5 61. axb5 a4 62. b6 Kd6 63. b7 Kc7 64. Kh3 a3 65. b8=Q+
Kxb8 66. Bb1 Kc7 67. Kg4 Kd6 68. h5 Ke7 69. h6 Kf6 70. Kf4 Rc4+ 71. Ke3 Rc1 72.
Ba2 Rc2 73. Bg8 a2 74. h7 Kg7 75. Kd3 Rg2 76. g4 a1=Q 77. h8=Q+ Kxh8 78. Be6
Qe5 0-1

[Event "Elit(Orgryte-LASK)"]
[Site "?"]
[Date "2023.10.15"]
[Round "3"]
[White "Arnelind, Mikael"]
[Black "Mauritsson, Sebastian"]
[Result "1/2-1/2"]
[WhiteElo "2210"]
[BlackElo "2390"]
[PlyCount "51"]
[EventDate "2021.02.07"]
[SourceVersionDate "2023.10.29"]

1. d4 d5 2. c4 c6 3. Nc3 Nf6 4. cxd5 cxd5 5. Bf4 e6 6. e3 Bd6 7. Bxd6 Qxd6 8.
Bd3 O-O 9. f4 b6 10. Nf3 Ba6 11. O-O Bxd3 12. Qxd3 Nc6 13. Rac1 Rfc8 14. Ne5
Nb4 15. Qb1 a6 16. h3 Nd7 17. Nxd7 Qxd7 18. f5 Nc6 19. f6 gxf6 20. Rxf6 Ne7 21.
Rxf7 Kxf7 22. Qxh7+ Ke8 23. Qh8+ Kf7 24. Qh7+ Ke8 25. Qh8+ Kf7 26. Qh7+ 1/2-1/2

[Event "Elit(Wasa-Kungstornet)"]
[Site "?"]
[Date "2023.10.15"]
[Round "3"]
[White "Andersson, Fredrik"]
[Black "Ostlund, Joar"]
[Result "0-1"]
[WhiteElo "2245"]
[BlackElo "2258"]
[PlyCount "76"]
[EventDate "2021.02.07"]
[SourceVersionDate "2023.10.29"]

1. d4 Nf6 2. c4 e6 3. Nc3 d5 4. cxd5 exd5 5. Bg5 c6 6. e3 h6 7. Bh4 Be7 8. Bd3
O-O 9. Qc2 Re8 10. Nge2 a5 11. O-O Na6 12. a3 Nc7 13. h3 Ne6 14. f3 b5 15. Bf2
Ba6 16. e4 b4 17. Bxa6 bxc3 18. Bd3 cxb2 19. Qxb2 dxe4 20. Bxe4 Nxe4 21. fxe4
c5 22. dxc5 Nxc5 23. Rad1 Qb8 24. Qd4 Rd8 25. Qc4 Qb3 26. Rc1 Qxc4 27. Rxc4 Nd3
28. a4 Nb2 29. Rc7 Bd6 30. Rb7 Nxa4 31. Bd4 f6 32. Rf5 Re8 33. Rd5 Re7 34. Rbb5
Bb4 35. e5 fxe5 36. Bxe5 Rae8 37. Kf2 Bc5+ 38. Rbxc5 Nxc5 0-1

[Event "Elit(Orgryte-LASK)"]
[Site "?"]
[Date "2023.10.15"]
[Round "3"]
[White "Ahlander, Bjorn"]
[Black "Eksmyr, Johan"]
[Result "1-0"]
[WhiteElo "2400"]
[BlackElo "2088"]
[PlyCount "61"]
[EventDate "2021.02.07"]
[SourceVersionDate "2023.10.29"]

1. d4 Nf6 2. c4 g6 3. Nc3 d5 4. cxd5 Nxd5 5. Na4 Bg7 6. e4 Nb6 7. Nf3 Bg4 8.
Be3 Bxf3 9. gxf3 Nxa4 10. Qxa4+ Nd7 11. h4 O-O 12. O-O-O a6 13. h5 b5 14. Qc2
Rc8 15. Bh3 e6 16. d5 e5 17. Qc6 Nb8 18. Qb7 f5 19. hxg6 hxg6 20. Rdg1 Rf7 21.
Rxg6 c6 22. Qb6 cxd5+ 23. Kb1 Qxb6 24. Rxb6 Nd7 25. Rd6 d4 26. Bd2 Nc5 27. Rc1
Bf8 28. Rg6+ Rg7 29. Rxg7+ Kxg7 30. b4 Rc7 31. Bxf5 1-0

[Event "Elit(Wasa-Kungstornet)"]
[Site "?"]
[Date "2023.10.15"]
[Round "3"]
[White "Cramling, Dan"]
[Black "Jonsson, Mikael"]
[Result "1-0"]
[WhiteElo "2298"]
[BlackElo "2196"]
[PlyCount "43"]
[EventDate "2021.02.07"]
[SourceVersionDate "2023.10.29"]

1. d4 Nf6 2. c4 e6 3. Nc3 Bb4 4. e3 O-O 5. Bd3 d6 6. Nge2 e5 7. dxe5 dxe5 8. a3
Be7 9. Qc2 c6 10. O-O Nbd7 11. b4 a5 12. Rb1 axb4 13. axb4 Nb6 14. c5 Nbd5 15.
e4 Nxc3 16. Qxc3 Be6 17. f4 exf4 18. Nxf4 Ng4 19. e5 Bg5 20. h3 Nxe5 21. Qxe5
Ba2 22. Bb2 1-0

[Event "Elit(Orgryte-LASK)"]
[Site "?"]
[Date "2023.10.15"]
[Round "3"]
[White "Green, Per"]
[Black "Nord, Alexander"]
[Result "0-1"]
[WhiteElo "1912"]
[BlackElo "2201"]
[PlyCount "100"]
[EventDate "2021.02.07"]
[SourceVersionDate "2023.10.29"]

1. c4 e5 2. g3 Nf6 3. Bg2 d5 4. cxd5 Nxd5 5. Nf3 Nc6 6. O-O Nb6 7. Nc3 Be7 8.
b3 O-O 9. Bb2 Be6 10. Rc1 f6 11. Qc2 Qd7 12. Rfd1 Nb4 13. Qb1 c5 14. d3 Rfd8
15. Ne4 Rac8 16. Ba1 Qe8 17. Nfd2 Qf8 18. Nc4 N6d5 19. e3 Nc6 20. Bb2 Bg4 21.
Re1 Ndb4 22. Bf1 b6 23. a3 Nd5 24. h3 Be6 25. Red1 Qf7 26. Kh2 Nc7 27. a4 Nd5
28. Nc3 Bf8 29. Bg2 Ndb4 30. Ne2 Bf5 31. e4 Be6 32. Bc3 Rd7 33. f4 Qh5 34. Ng1
exf4 35. gxf4 Rcd8 36. Bf3 Qh4 37. Be1 Qxf4+ 38. Bg3 Qh6 39. Be2 Nd4 40. Bf1
Nbc6 41. Qb2 Bxc4 42. bxc4 Bd6 43. Qf2 Bxg3+ 44. Qxg3 Ne5 45. Kg2 Ne6 46. Rc3
Nf4+ 47. Kh1 Qg5 48. Qe3 Nfxd3 49. Qxg5 fxg5 50. Kg2 Nf4+ 0-1

[Event "Elit(Vaxjo-Rockaden,Sthlm)"]
[Site "?"]
[Date "2023.10.15"]
[Round "3"]
[White "Sorensen, Hampus"]
[Black "Hillarp, Tiger"]
[Result "1/2-1/2"]
[WhiteElo "2470"]
[BlackElo "2497"]
[PlyCount "115"]
[EventDate "2021.02.07"]
[SourceVersionDate "2023.10.28"]

1. d4 Nf6 2. c4 e6 3. Nf3 d5 4. g3 Be7 5. Bg2 O-O 6. O-O c6 7. b3 b6 8. Nc3 Ba6
9. Bb2 Nbd7 10. cxd5 cxd5 11. a4 Bb7 12. Ne1 Rc8 13. Rc1 h5 14. h4 Ng4 15. Nf3
Ndf6 16. Ng5 Ne8 17. Qd2 Nd6 18. Nb5 a6 19. Nxd6 Qxd6 20. Nf3 a5 21. Rxc8 Rxc8
22. Rc1 Rxc1+ 23. Qxc1 Ba6 24. Bf1 b5 25. axb5 Bxb5 26. Qc8+ Kh7 27. Qc2+ g6
28. Bc1 Qc6 29. Qxc6 Bxc6 30. e3 a4 31. bxa4 Bxa4 32. Bd3 Kg7 33. Bd2 Nf6 34.
Ba5 Bd6 35. Kg2 Nd7 36. Nd2 Nb8 37. Bc3 Nc6 38. Nf3 f6 39. Bb1 Bb5 40. Ne1 Bb4
41. Bxb4 Nxb4 42. f3 Ba6 43. Kg1 g5 44. hxg5 fxg5 45. f4 g4 46. f5 exf5 47.
Bxf5 Kf6 48. Bd7 Nd3 49. Ng2 Kg5 50. Be6 Bb7 51. Nf4 Nxf4 52. exf4+ Kf6 53. Bd7
Ke7 54. Bb5 Bc8 55. Bc6 Be6 56. Kf2 Kf6 57. Ke3 Bf7 58. Kf2 1/2-1/2

[Event "Elit(Limhamn-Vasteras)"]
[Site "?"]
[Date "2023.10.15"]
[Round "3"]
[White "Sjodahl, Pontus"]
[Black "Johansson, Linus"]
[Result "0-1"]
[WhiteElo "2433"]
[BlackElo "2429"]
[PlyCount "62"]
[EventDate "2021.02.07"]
[SourceVersionDate "2023.10.29"]

1. d4 Nf6 2. c4 e6 3. Nc3 Bb4 4. e3 O-O 5. Bd3 d5 6. cxd5 exd5 7. Nge2 Re8 8.
O-O Bf8 9. Nf4 a6 10. Bc2 Be6 11. a3 Nbd7 12. f3 Nb6 13. g4 c5 14. Rf2 g6 15.
h4 cxd4 16. exd4 Bg7 17. h5 Rc8 18. Nce2 Bxg4 19. fxg4 Nxg4 20. Rg2 Qh4 21.
hxg6 hxg6 22. Bd2 Nc4 23. Bb3 Nce3 24. Qe1 Nxg2 25. Kxg2 Qh2+ 26. Kf3 g5 27.
Kxg4 gxf4 28. Bxf4 f5+ 29. Kf3 Qh5+ 30. Kf2 Bxd4+ 31. Nxd4 Qh4+ 0-1

[Event "Elit(Stockholms SS-Eksjo)"]
[Site "?"]
[Date "2023.10.15"]
[Round "3"]
[White "Gdanski, Jacek"]
[Black "Thorn, Eric"]
[Result "1-0"]
[WhiteElo "2484"]
[BlackElo "2390"]
[PlyCount "77"]
[EventDate "2021.02.07"]
[SourceVersionDate "2023.10.29"]

1. e4 e5 2. Nf3 Nc6 3. Bb5 a6 4. Ba4 Bc5 5. O-O Nge7 6. c3 Ng6 7. d4 Ba7 8. Bg5
f6 9. Be3 O-O 10. d5 Nce7 11. d6 cxd6 12. Bxa7 Rxa7 13. Qxd6 Kh8 14. c4 b6 15.
Nc3 Qc7 16. Rfd1 Qxc4 17. Qxb6 Rb7 18. Qe3 d5 19. b3 Qb4 20. Nxd5 Nxd5 21. exd5
Bd7 22. Bc6 Rc7 23. Rac1 Nf4 24. g3 Nh3+ 25. Kg2 Qg4 26. Rc4 Qf5 27. Bxd7 Rxd7
28. Nh4 Qh5 29. Qf3 Qxf3+ 30. Nxf3 Ng5 31. Nxg5 fxg5 32. d6 Kg8 33. Rc7 Rfd8
34. Rxd7 Rxd7 35. Kf3 Kf7 36. Ke4 Ke6 37. Rd5 Kf6 38. g4 h6 39. h3 1-0

[Event "Elit(Vaxjo-Rockaden,Sthlm)"]
[Site "?"]
[Date "2023.10.15"]
[Round "3"]
[White "Sumets, Andrey"]
[Black "Socko, Bartosz"]
[Result "1/2-1/2"]
[WhiteElo "2521"]
[BlackElo "2538"]
[PlyCount "69"]
[EventDate "2021.02.07"]
[SourceVersionDate "2023.10.28"]

1. d4 Nf6 2. c4 e6 3. Nf3 Bb4+ 4. Bd2 Qe7 5. g3 Bxd2+ 6. Nbxd2 d6 7. Bg2 O-O 8.
Nf1 e5 9. Ne3 c6 10. O-O Ng4 11. Qb3 Re8 12. Nxg4 Bxg4 13. e3 Qc7 14. c5 dxc5
15. Nxe5 Be6 16. Qc3 cxd4 17. Qxd4 Rd8 18. Qc3 Nd7 19. Nd3 Nf6 20. Nc5 Qe7 21.
Rac1 Rac8 22. Qa3 a6 23. Rfd1 Bg4 24. Rxd8+ Rxd8 25. Qb4 Bc8 26. Nxa6 Qxb4 27.
Nxb4 Rd2 28. b3 Kf8 29. f3 g5 30. Rc2 Rd1+ 31. Kf2 g4 32. Ke2 Rg1 33. Kf2 Rd1
34. Ke2 Rg1 35. Kf2 1/2-1/2

[Event "Elit(Limhamn-Vasteras)"]
[Site "?"]
[Date "2023.10.15"]
[Round "3"]
[White "Garriga Cazorla, Pere"]
[Black "Akesson, Ralf"]
[Result "1/2-1/2"]
[WhiteElo "2448"]
[BlackElo "2410"]
[PlyCount "95"]
[EventDate "2021.02.07"]
[SourceVersionDate "2023.10.29"]

1. d4 Nf6 2. c4 e6 3. Nf3 d5 4. Nc3 Be7 5. Bf4 O-O 6. e3 Nbd7 7. Qc2 c5 8. cxd5
exd5 9. Be2 a6 10. Ne5 cxd4 11. exd4 Qb6 12. Rd1 Bd6 13. Nxd7 Bxd7 14. Bg5 Ne4
15. Nxe4 dxe4 16. O-O f5 17. f3 h6 18. Bc1 Rac8 19. Qb3+ Qxb3 20. axb3 b5 21.
fxe4 fxe4 22. Rxf8+ Kxf8 23. Bh5 Be6 24. d5 Bf7 25. Bxf7 Kxf7 26. Be3 Rc2 27.
Bd4 Bb4 28. Rf1+ Ke7 29. h4 Kd6 30. Bxg7 Bd2 31. Rf5 e3 32. Kf1 Bc1 33. Bc3
Bxb2 34. Bb4+ Kd7 35. Rf7+ Kd8 36. d6 e2+ 37. Ke1 Bc3+ 38. Bxc3 Rxc3 39. Kxe2
Rxb3 40. g4 a5 41. h5 Rg3 42. Rg7 Rh3 43. Kf2 a4 44. Ra7 a3 45. Kg2 Rd3 46. g5
Rxd6 47. g6 Rd5 48. Rxa3 1/2-1/2

[Event "Elit(Stockholms SS-Eksjo)"]
[Site "?"]
[Date "2023.10.15"]
[Round "3"]
[White "Hauge, Lars Oskar"]
[Black "Lukez, Franko"]
[Result "0-1"]
[WhiteElo "2509"]
[BlackElo "2276"]
[PlyCount "64"]
[EventDate "2021.02.07"]
[SourceVersionDate "2023.10.29"]

1. e4 g6 2. d4 Bg7 3. Nc3 d6 4. f4 Nf6 5. Bd3 O-O 6. Nf3 Nc6 7. e5 dxe5 8. fxe5
Nh5 9. Be2 Bg4 10. O-O f6 11. d5 Nxe5 12. Nxe5 Bxe2 13. Qxe2 fxe5 14. Be3 Qd7
15. Qc4 Kh8 16. Rad1 Rxf1+ 17. Rxf1 Nf6 18. Rd1 a6 19. a4 Ne8 20. Qb4 Nd6 21.
a5 Rf8 22. Qh4 Qf5 23. Qxe7 Qxc2 24. Qxc7 Nb5 25. Qc4 Nxc3 26. Re1 Qxb2 27. d6
Bh6 28. Bc5 Qd2 29. Ra1 Be3+ 30. Kh1 Nd1 31. Bxe3 Qe1+ 32. Bg1 Nf2# 0-1

[Event "Elit(Vaxjo-Rockaden,Sthlm)"]
[Site "?"]
[Date "2023.10.15"]
[Round "3"]
[White "Blomqvist, Erik"]
[Black "Lindberg, Bengt"]
[Result "1-0"]
[WhiteElo "2509"]
[BlackElo "2351"]
[PlyCount "123"]
[EventDate "2021.02.07"]
[SourceVersionDate "2023.10.28"]

1. e4 e6 2. d4 d5 3. e5 c5 4. c3 Nc6 5. Nf3 Bd7 6. Be2 Nge7 7. O-O Ng6 8. Be3
Be7 9. Nbd2 O-O 10. a3 c4 11. g3 f6 12. exf6 Bxf6 13. Re1 h6 14. Bf1 Qc7 15.
Qc2 Nce7 16. Bg2 Nf5 17. Nf1 Be7 18. Bd2 Bd6 19. Re2 Rae8 20. Rae1 Bc8 21. h4
Qd8 22. h5 Nh8 23. N1h2 Bb8 24. Ng4 Nf7 25. Nge5 Nxe5 26. Nxe5 Bxe5 27. Rxe5 b5
28. Bc1 Bd7 29. Qe2 Qf6 30. Qg4 a5 31. Bf4 Qf7 32. Bh3 b4 33. Qe2 b3 34. Qg4
Kh7 35. R5e2 Rg8 36. Bg2 a4 37. Re5 Rgf8 38. Qh3 Ne7 39. R5e2 Rg8 40. Qh2 Nf5
41. Be5 Ne7 42. g4 Nc6 43. f4 Nxe5 44. Rxe5 Rgf8 45. Rf1 Bc8 46. Rf3 Qc7 47.
Qg3 Qf7 48. Qe1 Rg8 49. Qb1+ g6 50. g5 Kh8 51. hxg6 Rxg6 52. Rh3 Rf8 53. Bf3
Qg7 54. Qc1 Rgf6 55. Rh4 Kg8 56. Be2 Bd7 57. Qe3 Be8 58. Bg4 hxg5 59. Rxg5 Rg6
60. Bxe6+ Bf7 61. Rxg6 Qxg6+ 62. Rg4 1-0

[Event "Elit(Limhamn-Vasteras)"]
[Site "?"]
[Date "2023.10.15"]
[Round "3"]
[White "Bergstrom, Peter"]
[Black "Domingo Nunez, Ruben"]
[Result "0-1"]
[WhiteElo "2326"]
[BlackElo "2417"]
[PlyCount "62"]
[EventDate "2021.02.07"]
[SourceVersionDate "2023.10.29"]

1. e4 e6 2. d4 d5 3. Nc3 Bb4 4. Nge2 dxe4 5. a3 Bxc3+ 6. Nxc3 Nc6 7. Bb5 Nge7
8. Be3 O-O 9. Qd2 f5 10. O-O-O Nd5 11. Bxc6 bxc6 12. Bf4 Nxf4 13. Qxf4 Qd6 14.
Qe5 Rb8 15. f3 Qxe5 16. dxe5 exf3 17. gxf3 c5 18. f4 Bb7 19. Rhg1 Bc6 20. Rd3
Rbd8 21. Kd2 Kf7 22. Ke3 Rxd3+ 23. Kxd3 Rd8+ 24. Ke3 Rd4 25. Rd1 g5 26. Rxd4
cxd4+ 27. Kxd4 Kg6 28. Ke3 h6 29. Nd1 Kh5 30. c4 Kh4 31. Nf2 g4 0-1

[Event "Elit(Stockholms SS-Eksjo)"]
[Site "?"]
[Date "2023.10.15"]
[Round "3"]
[White "Danchevski, Orce"]
[Black "Olund, Joar"]
[Result "1/2-1/2"]
[WhiteElo "2340"]
[BlackElo "2386"]
[PlyCount "48"]
[EventDate "2021.02.07"]
[SourceVersionDate "2023.10.29"]

1. c4 e5 2. Nc3 Bb4 3. Nd5 Be7 4. e3 Nf6 5. Nf3 d6 6. d4 Nxd5 7. cxd5 exd4 8.
Nxd4 c5 9. dxc6 Nxc6 10. Nxc6 bxc6 11. Bd3 Be6 12. O-O Qb6 13. Qc2 Bf6 14. Bd2
O-O 15. Bxh7+ Kh8 16. Bc3 Bxc3 17. bxc3 g6 18. Bxg6 fxg6 19. Qxg6 Rae8 20. Qh6+
Kg8 21. Qg5+ Kh8 22. Qh6+ Kg8 23. Qg6+ Kh8 24. Qh6+ Kg8 1/2-1/2

[Event "Elit(Vaxjo-Rockaden,Sthlm)"]
[Site "?"]
[Date "2023.10.15"]
[Round "3"]
[White "Arman, Deniz"]
[Black "Seo, Jung Min"]
[Result "1/2-1/2"]
[WhiteElo "2287"]
[BlackElo "2462"]
[PlyCount "139"]
[EventDate "2021.02.07"]
[SourceVersionDate "2023.10.28"]

1. e4 c5 2. Nf3 d6 3. Bb5+ Nd7 4. a4 Ngf6 5. Nc3 a6 6. Be2 g6 7. a5 Bg7 8. d3
O-O 9. O-O b5 10. axb6 Nxb6 11. Bd2 a5 12. Qc1 a4 13. Bh6 e5 14. Bxg7 Kxg7 15.
Nd2 Be6 16. Nc4 Nxc4 17. dxc4 Bd7 18. Qe3 Bc6 19. Rfd1 Qe7 20. f3 Nh5 21. Nb5
Nf4 22. Bf1 Rfd8 23. g3 Ne6 24. c3 Nc7 25. Rd2 Rab8 26. Rxa4 Nxb5 27. cxb5 Bxb5
28. Bxb5 Rxb5 29. Ra6 Qc7 30. Qd3 c4 31. Qe3 d5 32. exd5 Rbxd5 33. Rxd5 Rxd5
34. Ra1 Rd3 35. Qf2 Qc6 36. Rf1 Qd5 37. Re1 f6 38. Kg2 g5 39. g4 h5 40. h3 h4
41. Re4 Kg6 42. Re3 Kg7 43. Re2 Kf7 44. Re3 Rd1 45. Re1 Qd3 46. Rxd1 Qxd1 47.
Qa7+ Kg6 48. Qe3 Qc2+ 49. Qf2 Qd3 50. Qe1 Kf7 51. Kf2 Ke6 52. Qe2 Qd5 53. Qc2
Qc5+ 54. Ke2 Qg1 55. Qf5+ Ke7 56. Qh7+ Kd6 57. Qb7 Qh2+ 58. Kd1 Qh1+ 59. Ke2
Qg2+ 60. Ke1 Qxh3 61. Qb6+ Ke7 62. Qc7+ Ke8 63. Qc8+ Kf7 64. Qd7+ Kg6 65. Qe8+
Kg7 66. Qe7+ Kg6 67. Qe8+ Kh6 68. Qh8+ Kg6 69. Qg8+ Kh6 70. Qh8+ 1/2-1/2

[Event "Elit(Limhamn-Vasteras)"]
[Site "?"]
[Date "2023.10.15"]
[Round "3"]
[White "Brynell, Stellan"]
[Black "Hamark, Jesper"]
[Result "1-0"]
[WhiteElo "2401"]
[BlackElo "2342"]
[PlyCount "49"]
[EventDate "2021.02.07"]
[SourceVersionDate "2023.10.29"]

1. d4 d6 2. g3 e5 3. dxe5 dxe5 4. Qxd8+ Kxd8 5. Nc3 Nc6 6. Be3 Nf6 7. O-O-O+
Bd6 8. h3 Bd7 9. Bg2 Kc8 10. Nf3 h6 11. Nd2 Rd8 12. g4 Ne7 13. Nc4 Bc6 14. Bxc6
Nxc6 15. Nxd6+ Rxd6 16. Rxd6 cxd6 17. Rd1 Ne8 18. Nb5 Kd7 19. Bc5 Nd4 20. Bxd4
exd4 21. Nxd4 Rc8 22. Rd3 Rc5 23. Rf3 Ke7 24. Rb3 b6 25. Ra3 1-0

[Event "Elit(Stockholms SS-Eksjo)"]
[Site "?"]
[Date "2023.10.15"]
[Round "3"]
[White "Lokander, Martin"]
[Black "Vernersson, Per"]
[Result "1-0"]
[WhiteElo "2462"]
[BlackElo "2259"]
[PlyCount "53"]
[EventDate "2021.02.07"]
[SourceVersionDate "2023.10.29"]

1. e4 c6 2. d4 d5 3. Nc3 dxe4 4. Nxe4 Nd7 5. Ng5 Ngf6 6. Bc4 e6 7. Qe2 Nb6 8.
Bd3 h6 9. N5f3 Nbd7 10. Bd2 c5 11. O-O-O cxd4 12. Nxd4 Nc5 13. Ngf3 Nxd3+ 14.
Qxd3 Qd5 15. c4 Qd6 16. g4 Bd7 17. Rhe1 Nxg4 18. Re2 Rc8 19. Kb1 Qc7 20. b3 Be7
21. Rg1 Nf6 22. Rxg7 Kf8 23. Rxf7+ Kxf7 24. Ne5+ Qxe5 25. Rxe5 Bd6 26. Nf3 Ke7
27. Nh4 1-0

[Event "Elit(Vaxjo-Rockaden,Sthlm)"]
[Site "?"]
[Date "2023.10.15"]
[Round "3"]
[White "Barkhagen, Jonas"]
[Black "Rydstrom, Tom"]
[Result "1-0"]
[WhiteElo "2425"]
[BlackElo "2252"]
[PlyCount "115"]
[EventDate "2021.02.07"]
[SourceVersionDate "2023.10.28"]

1. d4 d5 2. Nf3 Nf6 3. Bg5 Nbd7 4. e3 e6 5. Bd3 Be7 6. O-O b6 7. c4 dxc4 8.
Bxc4 Bb7 9. Nc3 O-O 10. Qe2 h6 11. Bh4 Ne4 12. Bxe7 Qxe7 13. Rac1 c5 14. Nxe4
Bxe4 15. Bb5 Rfd8 16. Rfd1 cxd4 17. Nxd4 Nf6 18. Bc6 Bxc6 19. Nxc6 Rxd1+ 20.
Qxd1 Qd7 21. Qf3 Kf8 22. Ne5 Qd5 23. Qxd5 Nxd5 24. Kf1 f6 25. Nd3 Rd8 26. Ke2
Rd7 27. e4 Nc7 28. f4 Ke7 29. Nb4 Nb5 30. Ke3 a5 31. Nc6+ Kd6 32. a4 Na7 33.
e5+ Kd5 34. exf6 gxf6 35. Nd4 Re7 36. Ne2 e5 37. f5 Rb7 38. Ng3 Nc6 39. Ne4 Rf7
40. Nc3+ Kd6 41. Nb5+ Kd5 42. Rd1+ Kc5 43. Nd6 Rf8 44. Ne4+ Kc4 45. Rd6 Ne7 46.
g4 h5 47. h3 hxg4 48. hxg4 b5 49. axb5 Nd5+ 50. Kf3 a4 51. b6 Rb8 52. Nxf6 Nxb6
53. g5 Kb3 54. Nd7 Nxd7 55. Rxd7 Kxb2 56. g6 a3 57. g7 a2 58. Rd2+ 1-0

[Event "Elit(Limhamn-Vasteras)"]
[Site "?"]
[Date "2023.10.15"]
[Round "3"]
[White "Landgren, Andreas"]
[Black "Lindgren, Philip"]
[Result "0-1"]
[WhiteElo "2230"]
[BlackElo "2380"]
[PlyCount "118"]
[EventDate "2021.02.07"]
[SourceVersionDate "2023.10.29"]

1. d4 Nf6 2. c4 e6 3. Nf3 d5 4. Nc3 Nbd7 5. Bf4 dxc4 6. e3 b5 7. Nxb5 Bb4+ 8.
Nc3 Nd5 9. Qd2 Ba6 10. Be2 c5 11. O-O O-O 12. Bg3 Qa5 13. Rfc1 N7f6 14. Qc2
Nxc3 15. bxc3 Ba3 16. Re1 Rac8 17. Nd2 cxd4 18. exd4 Nd5 19. Nb1 Be7 20. Bf3
Bb7 21. Bxd5 Qxd5 22. f3 Bd6 23. Bxd6 Qxd6 24. Nd2 Bd5 25. Rab1 Qf4 26. Nf1 Rb8
27. Rxb8 Rxb8 28. Ne3 g6 29. Qe2 Kg7 30. Nxd5 exd5 31. g3 Qf6 32. Kf2 Rb5 33.
Qe5 h5 34. Re2 a5 35. Qc7 a4 36. Qd7 Qb6 37. Qe7 Qf6 38. Qd7 Qb6 39. Qe7 Rb2
40. Qe5+ Kh7 41. Qxd5 Rxe2+ 42. Kxe2 Qb2+ 43. Kf1 Qb1+ 44. Kg2 Qxa2+ 45. Kh3
Kg8 46. Qc6 Qe2 47. Qa8+ Kg7 48. f4 Qf1+ 49. Kh4 Qe2 50. Kh3 Qf1+ 51. Kh4 Qe1
52. Qxa4 Qxc3 53. Qa7 Qd3 54. g4 Qf3 55. gxh5 Qxf4+ 56. Kh3 Qf3+ 57. Kh4 gxh5
58. h3 Kg6 59. Qb8 Qf2+ 0-1

[Event "Elit(Stockholms SS-Eksjo)"]
[Site "?"]
[Date "2023.10.15"]
[Round "3"]
[White "Krantz, Christopher"]
[Black "Ertan, Can"]
[Result "0-1"]
[WhiteElo "2279"]
[BlackElo "2353"]
[PlyCount "54"]
[EventDate "2021.02.07"]
[SourceVersionDate "2023.10.29"]

1. d4 Nf6 2. Nf3 e6 3. Bf4 c5 4. e3 Nd5 5. Bg3 Qb6 6. Qc1 Nc6 7. c3 Nf6 8. Nbd2
d5 9. Bd3 Bd7 10. O-O Rc8 11. Qb1 Be7 12. dxc5 Qxc5 13. e4 dxe4 14. Nxe4 Nxe4
15. Bxe4 f5 16. Bxc6 Bxc6 17. Nd4 Bd5 18. Re1 O-O 19. Be5 Be4 20. Rxe4 fxe4 21.
Qxe4 Qd5 22. Qe3 Bf6 23. f4 Bxe5 24. fxe5 Rf7 25. a3 b6 26. Re1 Rcf8 27. Qh3
Qxe5 0-1

[Event "Elit(Vaxjo-Rockaden,Sthlm)"]
[Site "?"]
[Date "2023.10.15"]
[Round "3"]
[White "Olofsson-Dolk, Mattis"]
[Black "Wiedenkeller, Michael"]
[Result "1/2-1/2"]
[WhiteElo "2216"]
[BlackElo "2442"]
[PlyCount "112"]
[EventDate "2021.02.07"]
[SourceVersionDate "2023.10.28"]

1. e4 e5 2. Nf3 Nc6 3. Bb5 Nf6 4. d3 Bc5 5. Bxc6 dxc6 6. Nbd2 Be6 7. O-O Nd7 8.
Nb3 Bd6 9. Ng5 Bxb3 10. axb3 Qe7 11. Nf3 O-O 12. Bg5 f6 13. Be3 Bc5 14. Nh4 Qe6
15. Kh1 g6 16. Bxc5 Nxc5 17. f4 exf4 18. Rxf4 Qe5 19. Qg4 Ne6 20. Rf2 Ng5 21.
c3 Rad8 22. Nf3 Nxf3 23. Rxf3 c5 24. Raf1 Rd6 25. h4 Qe6 26. Qg3 Rd7 27. h5 Rg7
28. Qg5 Rgf7 29. Qxc5 Qxb3 30. Rg3 Rg7 31. c4 Qxb2 32. hxg6 Rxg6 33. Qxc7 Qd4
34. Rxg6+ hxg6 35. Qxb7 Qxd3 36. Qd5+ Qxd5 37. exd5 Rc8 38. Rc1 Kf7 39. Kg1 a5
40. Kf2 a4 41. Ke3 a3 42. Kd4 Ra8 43. Ra1 Ke7 44. Ra2 Kd7 45. Kc5 f5 46. g3 g5
47. Kd4 f4 48. gxf4 gxf4 49. Ke4 Kd6 50. Kxf4 Kc5 51. Ke5 Kxc4 52. d6 Kb3 53.
Rh2 a2 54. Rxa2 Rxa2 55. d7 Rd2 56. Ke6 Kc4 1/2-1/2